Statistics for English Football Club Badges #7

Click here to take the quiz!

General Stats

  • This quiz has been taken 393 times
  • The average score is 10 of 16

Answer Stats

Answer% Correct
West Bromwich Albion
98%
Aston Villa
97%
Wigan Athletic
88%
Milton Keynes Dons
86%
Notts County
85%
Bradford City
79%
Salford City
76%
Cheltenham Town
66%
Cambridge United
55%
Torquay United
43%
Queens Park Rangers
40%
Barnet
39%
Boston United
33%
Macclesfield
32%
Dagenham & Redbridge
28%
Halifax Town
21%

Score Distribution

Percentile by Number Answered

Percent of People with Each Score

Your Score History

You have not taken this quiz